000 00940nam a22003137a 4500
001 0011826
003 DO-SdBNP
005 20180209113013.0
007 0011826
008 161125b 1998 sp||||| |||| 00| 0 spa d
020 _a9788434808607
040 _aBPMSU
_bspa
_cBPMSU
100 1 _aRuben, Hilary
245 1 0 _aNube de noviembre /
_cHilary Ruben ; ilustración Irene Bordoy ; traducción Eduardo Martínez
250 _a21a. ed.
260 _aMadrid :
_bEdiciones SM,
_c1998.
300 _a137 p. :
_bil. ;
_c19 cm.
490 1 _aEl barco de vapor.
_v2
500 _aA partir de 9 años
521 1 _aA partir de los 9 años
700 1 2 _aBordoy, Irene,
_eil.
700 1 2 _aMartínez, Eduardo,
_etrad.
700 1 2 _aTerzi, Marinella
_edir. colección
830 0 _aBarco de vapor
_n2
942 _2ddc
_cBK
945 _aInventariado, 2018 /LP
956 _aYngrid Lockward
_b10
956 _aBTAVÁREZ
_b10
_c20161125
_d0011826
999 _c12055
_d12055